[Event "3rd Lanzarote it"]
[Site "Lanzarote ESP"]
[Date "1975.04.27"]
[Round "1"]
[White "Adorjan, Andras"]
[Black "Pfleger, Helmut"]
[Result "1-0"]
[WhiteElo "2515"]
[BlackElo "2540"]
[EventDate "1975.04.27"]
[PlyCount "73"]

1.e4 d6 2.d4 Nf6 3.Nc3 g6 4.f4 Bg7 5.Nf3 c5 6.Bb5+ Bd7 7.e5 Ng4 8.Bxd7+ 
Qxd7 9.d5 dxe5 10.h3 e4 11.Nxe4 Nf6 12.Nxf6+ Bxf6 13.O-O O-O 14.c4 e6 15.
Ne5 Qd6 16.Qb3 Nd7 17.Qxb7 Nxe5 18.fxe5 Qxe5 19.Bh6 Rfb8 20.Qc6 Rc8 21.Qa6
Bg7 22.Bxg7 Kxg7 23.Rae1 Qd4+ 24.Kh1 Rf8 25.b3 exd5 26.Rd1 Qe3 27.Rxd5 Kg8
28.Qf6 Rae8 29.Qf2 Qc3 30.Rxc5 Re7 31.Rd5 Rfe8 32.Qd2 Qg3 33.Rd8 Qe5 34.
Rxe8+ Rxe8 35.Qf4 Qe7 36.c5 a5 37.a3 {[Fuente: Keating, Michael. Seleccin 
partidas de "Lanzarote" 1975. Visor y base de datos del sitio web MYCHESS.
(2004-2015). Disponible en la direccion http://db.mychess.com/ ]} 1-0

[Event "3rd Lanzarote it"]
[Site "Lanzarote ESP"]
[Date "1975.04.27"]
[Round "1"]
[White "Bellon Lopez, Juan Manuel"]
[Black "Fraguela Gil, Jose Miguel"]
[Result "1-0"]
[WhiteElo "2415"]
[BlackElo "2390"]
[EventDate "1975.04.27"]
[PlyCount "85"]

1.Nf3 g6 2.d4 Nf6 3.Bg5 Ne4 4.Bh4 c5 5.c3 Bg7 6.Nbd2 Nxd2 7.Qxd2 cxd4 8.
Nxd4 O-O 9.e4 Nc6 10.Nc2 d6 11.Be2 Be6 12.Ne3 Bh6 13.g4 Qa5 14.O-O Qe5 15.
Qd3 Bf4 16.Bg3 Rad8 17.Rad1 Bxa2 18.Bxf4 Qxf4 19.c4 Ne5 20.Qc3 Qxe4 21.Rd4
Nf3+ 22.Bxf3 Qxf3 23.Ra1 f5 24.gxf5 gxf5 25.Rxa2 Rf6 26.Ng2 Qxc3 27.bxc3 
a6 28.Rb2 Rd7 29.c5 Rc7 30.cxd6 Rxd6 31.Rxd6 exd6 32.Ne3 b5 33.Nxf5 Rxc3 
34.Nxd6 Kf8 35.Ne4 Rc4 36.Nd2 Rd4 37.Kf1 b4 38.Nb3 Rd5 39.Ke2 a5 40.Ra2 
Rh5 41.Rxa5 Rxh2 42.Rf5+ Ke7 43.Rf4 {[Fuente: Megabase CHESSBASE 2011 
(2010, cdigo base EXT-2010). Seleccin partidas del torneo internacional 
"Lanzarote" 1975. Base de datos y software de la empresa Chessbase 
Matrimony. Hamburgo, Alemania. ]} 1-0

[Event "3rd Lanzarote it"]
[Site "Lanzarote ESP"]
[Date "1975.04.27"]
[Round "1"]
[White "Betancort Curbelo, Juan Rafael"]
[Black "Visier Segovia, Fernando"]
[Result "1/2-1/2"]
[WhiteElo "2360"]
[BlackElo "2375"]
[EventDate "1975.04.27"]
[PlyCount "36"]

1.d4 Nf6 2.c4 g6 3.Nc3 Bg7 4.e4 d6 5.Be2 O-O 6.Nf3 e5 7.O-O Nbd7 8.Bg5 h6 
9.Bh4 c6 10.dxe5 dxe5 11.Qc2 Qc7 12.Rfd1 Nc5 13.b4 Ne6 14.Rd2 Nh5 15.Rad1 
Nhf4 16.Bd3 Re8 17.Bg3 Ng5 18.Nxg5 hxg5 {[Fuente: Boletn del III Torneo 
Internacional Arrecife de Lanzarote. (Mayo 1975, Ronda 1, Partida 1). 
Editado por la Federacin Provincial de Ajedrez de Gran Canaria. Espaa. ]} 
1/2-1/2

[Event "3rd Lanzarote it"]
[Site "Lanzarote ESP"]
[Date "1975.04.27"]
[Round "1"]
[White "Debarnot, Roberto"]
[Black "Rodriguez Vargas, Orestes"]
[Result "1/2-1/2"]
[WhiteElo "2380"]
[BlackElo "2435"]
[EventDate "1975.04.27"]
[PlyCount "87"]

1.c4 Nf6 2.Nf3 e6 3.Nc3 d5 4.d4 Nbd7 5.cxd5 exd5 6.Bg5 Be7 7.e3 Nf8 8.b4 
Ne6 9.Bxf6 Bxf6 10.Bd3 c6 11.O-O a5 12.a3 O-O 13.Qc2 g6 14.Na4 Qd6 15.b5 
Bd7 16.bxc6 Bxc6 17.Rfc1 Ra7 18.Nc3 Nc7 19.Rcb1 Qd7 20.Qe2 Raa8 21.Nb5 Ne6
22.a4 Rfe8 23.Qa2 h5 24.Qa3 Kg7 25.h4 Rec8 26.Ra2 Be7 27.Qb3 f6 28.Rc2 Bb4
29.Rbc1 Re8 30.Qb1 Nf8 31.Nc3 Rac8 32.Bb5 Ne6 33.Qb3 Rb8 34.Qa2 Qd6 35.Bd3
Qd7 36.Nb5 Ra8 37.Qb3 Re7 38.Ra2 Ree8 39.Nc3 Rec8 40.Ne2 Nf8 41.Raa1 Ne6 
42.Qb1 Qe8 43.Nc3 Nc7 44.Qa2 {[Fuente: Boletn del III Torneo Internacional
Arrecife de Lanzarote. (Mayo 1975, Ronda 1, Partida 5). Editado por la 
Federacin Provincial de Ajedrez de Gran Canaria. Espaa. ]} 1/2-1/2

[Event "3rd Lanzarote it"]
[Site "Lanzarote ESP"]
[Date "1975.04.27"]
[Round "1"]
[White "Diez del Corral, Jesus Maria"]
[Black "Cardoso, Rodolfo Tan"]
[Result "1-0"]
[WhiteElo "2515"]
[BlackElo "2410"]
[EventDate "1975.04.27"]
[PlyCount "71"]

1.e4 c5 2.Nf3 e6 3.d4 cxd4 4.Nxd4 Nf6 5.Bd3 a6 6.O-O Qc7 7.Nd2 Bc5 8.N2b3 
Ba7 9.c4 d6 10.Be3 Nbd7 11.Rc1 b6 12.f4 Bb7 13.Qf3 Rd8 14.Bb1 Qb8 15.Nd2 
h5 16.h3 Qa8 17.b4 h4 18.Bf2 Ke7 19.Rfe1 Rdg8 20.Qe3 Rh5 21.N4f3 Rgh8 22.
e5 $1 Ne8 23.Be4 Bxe4 24.Nxe4 dxe5 25.fxe5 Nxe5 26.Bxh4+ Kf8 27.Nxe5 Rxe5 
28.Bg3 Rf5 29.Rcd1 b5 30.c5 Nf6 31.Nxf6 gxf6 32.Rd7 Rhh5 33.Red1 Ke8 34.
Qd4 Rd5 35.Qxf6 Rxd1+ 36.Rxd1 {[Fuente: Visier, Fernando. Artculo "Normas 
Internacionales para Belln y Fraguela". Resea y seleccin de partidas del 
Tercer Torneo Internacional Ciudad de Arrecife de Lanzarote 1975. Revista 
AJEDREZ CANARIO. (01-08-1975, ao V, nmero 49, pginas 305-315). Editada por
la Caja de Ahorros de Gran Canaria. Las Palmas de Gran Canaria, Espaa. ]} 
1-0

[Event "3rd Lanzarote it"]
[Site "Lanzarote ESP"]
[Date "1975.04.27"]
[Round "1"]
[White "Tatai, Stefano"]
[Black "Garcia Padron, Jose"]
[Result "1-0"]
[WhiteElo "2455"]
[BlackElo "2200"]
[EventDate "1975.04.27"]
[PlyCount "39"]

1.e4 c5 2.Nf3 d6 3.Nc3 e6 4.d4 cxd4 5.Nxd4 Nc6 6.Be3 Nf6 7.Bc4 Be7 8.Qe2 
Qc7 9.O-O-O O-O 10.Bb3 a6 11.g4 Nxd4 12.Rxd4 b5 13.g5 Nd7 14.Rg1 Nc5 15.e5
g6 16.Rh4 Bb7 17.Rg3 Rad8 18.Qg4 Kg7 19.Rxh7+ Kxh7 20.Qh4+ {[Fuente: 
Visier, Fernando. Artculo "Normas Internacionales para Belln y Fraguela". 
Resea y seleccin de partidas del Tercer Torneo Internacional Ciudad de 
Arrecife de Lanzarote 1975. Revista AJEDREZ CANARIO. (01-08-1975, ao V, 
nmero 49, pginas 305-315). Editada por la Caja de Ahorros de Gran Canaria.
Las Palmas de Gran Canaria, Espaa. ]} 1-0

[Event "3rd Lanzarote it"]
[Site "Lanzarote ESP"]
[Date "1975.04.??"]
[Round "2"]
[White "Betancort Curbelo, Juan Rafael"]
[Black "Bellon Lopez, Juan Manuel"]
[Result "0-1"]
[WhiteElo "2360"]
[BlackElo "2415"]
[EventDate "1975.04.27"]
[PlyCount "84"]

1.d4 Nf6 2.c4 c5 3.e3 cxd4 4.exd4 d5 5.Nc3 g6 6.Nf3 Bg7 7.Be2 O-O 8.O-O 
dxc4 9.Bxc4 Nbd7 10.Bb3 Nb6 11.Qe2 Nbd5 12.Ne5 Be6 13.Rd1 Rc8 14.Bd2 Qb6 
$1 15.Nxd5 Nxd5 16.Bxd5 Bxd5 17.Nd7 Qxb2 18.Nxf8 Bxf8 19.Rac1 Rd8 20.Qe5 
Qxa2 21.Qc7 Ra8 22.Bb4 Qe2 23.Qf4 Qh5 24.Bd2 Bc6 25.f3 e6 26.Qe5 Bg7 $1 
27.Qc5 Qxc5 28.dxc5 Bb2 $1 29.Rc4 Rd8 30.Kf2 Rd5 $1 31.Ke3 Ba3 32.Ra1 
Bxc5+ 33.Rxc5 Rxc5 34.Rxa7 Kg7 35.Ra5 Rxa5 36.Bxa5 Kf6 37.Bc3+ Ke7 38.g4 
Kd6 39.h4 h5 40.g5 e5 41.Ba5 b5 42.Bb4+ Ke6 {[Y las blancas abandonaron, 
ya que, con un pen ms en cada flanco, los alfiles de distinto color no 
influyen en el resultado. ] [Comentarios: IM Romn Torn (JAQUE, 
01-07-1975). || Fuente: Torn, Romn. Artculo " Triunfo de Belln en el 
Torneo Internacional de Lanzarote". Resea y seleccin de partidas. Revista 
JAQUE. (01-07-1975, ao V, nmero 43, pginas 4-7). Jos Mara Gonzlez 
(Editor-Director). San Sebastin, Espaa. ]} 0-1

[Event "3rd Lanzarote it"]
[Site "Lanzarote ESP"]
[Date "1975.04.??"]
[Round "2"]
[White "Fraguela Gil, Jose Miguel"]
[Black "Adorjan, Andras"]
[Result "1/2-1/2"]
[WhiteElo "2390"]
[BlackElo "2515"]
[EventDate "1975.04.27"]
[PlyCount "53"]

1.Nf3 g6 2.c4 Bg7 3.d4 c5 4.d5 d6 5.Nc3 Nf6 6.e4 O-O 7.Be2 e6 8.O-O Re8 9.
Bg5 h6 10.Bh4 g5 11.Bg3 Nh5 12.Nd2 Nxg3 13.hxg3 a6 14.a4 Nd7 15.Qc2 exd5 
16.cxd5 Rb8 17.a5 Ne5 18.Nd1 Ng4 19.Nc4 Bd4 20.Bxg4 Bxg4 21.Nde3 h5 22.
Rae1 Bc8 23.Nf5 Bxf5 24.exf5 Qf6 25.b3 Kg7 26.Qd3 g4 27.Re4 {[Fuente: 
Boletn del III Torneo Internacional Arrecife de Lanzarote. (Mayo 1975, 
Ronda 2, Partida 11). Editado por la Federacin Provincial de Ajedrez de 
Gran Canaria. Espaa. ]} 1/2-1/2

[Event "3rd Lanzarote it"]
[Site "Lanzarote ESP"]
[Date "1975.04.??"]
[Round "2"]
[White "Garcia Padron, Jose"]
[Black "Debarnot, Roberto"]
[Result "1/2-1/2"]
[WhiteElo "2200"]
[BlackElo "2380"]
[EventDate "1975.04.27"]
[PlyCount "91"]

1.d4 Nf6 2.Nf3 c5 3.c3 b6 4.e3 g6 5.b4 Bg7 6.Be2 O-O 7.O-O Bb7 8.Ba3 Ne4 
9.Nfd2 cxd4 10.Nxe4 Bxe4 11.cxd4 d6 12.Nc3 Bb7 13.Rc1 a6 14.b5 axb5 15.Qb3
Qd7 16.Nxb5 Bc6 17.Bb2 Qb7 18.f3 Na6 19.Rc2 Rac8 20.Bc4 Nc7 21.Nxc7 Rxc7 
22.Rfc1 Rcc8 23.Qd3 b5 24.Bb3 Bd7 25.Rxc8 Rxc8 26.Rxc8+ Bxc8 27.Qe4 Qxe4 
28.fxe4 Be6 29.Bxe6 fxe6 30.Kf2 Kf7 31.Ke2 e5 32.Kd3 Ke6 33.Bc3 exd4 34.
exd4 d5 35.Bb4 Bf6 36.Bc5 Bg5 37.Bb4 Bf4 38.g3 Bg5 39.Bc5 h5 40.h3 Bf6 41.
Bb4 Bg7 42.Bc5 Bf6 43.g4 hxg4 44.hxg4 Bh4 45.Bb4 Bf2 46.Bc5 {[Fuente: 
Boletn del III Torneo Internacional Arrecife de Lanzarote. (Mayo 1975, 
Ronda 2, Partida 9). Editado por la Federacin Provincial de Ajedrez de 
Gran Canaria. Espaa. ]} 1/2-1/2

[Event "3rd Lanzarote it"]
[Site "Lanzarote ESP"]
[Date "1975.04.??"]
[Round "2"]
[White "Pfleger, Helmut"]
[Black "Tatai, Stefano"]
[Result "1/2-1/2"]
[WhiteElo "2540"]
[BlackElo "2455"]
[EventDate "1975.04.27"]
[PlyCount "36"]

1.Nf3 Nf6 2.c4 e6 3.d4 d5 4.Nc3 c5 5.e3 Nc6 6.a3 cxd4 7.exd4 Be7 8.Bd3 
dxc4 9.Bxc4 O-O 10.O-O a6 11.Ba2 b5 12.Bg5 Bb7 13.Qd3 Rc8 14.Rad1 Na5 15.
Ne5 Nd7 16.Bxe7 Qxe7 17.Nxd7 Qxd7 18.d5 Nc4 {[Fuente: Boletn del III 
Torneo Internacional Arrecife de Lanzarote. (Mayo 1975, Ronda 2, Partida 
10). Editado por la Federacin Provincial de Ajedrez de Gran Canaria. 
Espaa. ]} 1/2-1/2

[Event "3rd Lanzarote it"]
[Site "Lanzarote ESP"]
[Date "1975.04.??"]
[Round "2"]
[White "Rodriguez Vargas, Orestes"]
[Black "Diez del Corral, Jesus Maria"]
[Result "1-0"]
[WhiteElo "2435"]
[BlackElo "2515"]
[EventDate "1975.04.27"]
[PlyCount "79"]

1.d4 Nf6 2.c4 e6 3.Nc3 Bb4 4.e3 O-O 5.Bd3 Nc6 6.a3 Bxc3+ 7.bxc3 e5 8.Ne2 
e4 9.Bc2 Na5 10.Ng3 Nxc4 11.Nxe4 Nxe4 12.Bxe4 d5 13.Bd3 Qh4 14.O-O Nd6 15.
a4 Re8 16.Ra2 c6 17.Ba3 Ne4 18.Rc2 Re6 19.f3 Nxc3 20.Rxc3 Rh6 21.Qd2 Qxh2+
22.Kf2 Bh3 23.Rg1 Re8 24.Kf1 f5 25.Qf2 Rg6 26.Rc2 Rxg2 27.Rxg2 Qh1+ 28.Qg1
Bxg2+ 29.Rxg2 Qxg1+ 30.Kxg1 Rxe3 31.Rd2 Rxf3 32.Bd6 g5 33.Bc2 f4 34.Rh2 
Rc3 35.Bxh7+ Kf7 36.Be5 Ra3 37.Rh6 f3 38.Rf6+ Ke8 39.Kf2 g4 40.Kg3 {
[Fuente: Boletn del III Torneo Internacional Arrecife de Lanzarote. (Mayo 
1975, Ronda 2 Partida 8). Editado por la Federacin Provincial de Ajedrez 
de Gran Canaria. Espaa. ]} 1-0

[Event "3rd Lanzarote it"]
[Site "Lanzarote ESP"]
[Date "1975.04.??"]
[Round "3"]
[White "Adorjan, Andras"]
[Black "Betancort Curbelo, Juan Rafael"]
[Result "1-0"]
[WhiteElo "2515"]
[BlackElo "2360"]
[EventDate "1975.04.27"]
[PlyCount "65"]

1.e4 Nf6 2.e5 Nd5 3.d4 d6 4.Nf3 Bg4 5.Be2 e6 6.O-O Be7 7.h3 Bh5 8.c4 Nb6 
9.Nc3 d5 10.c5 N6d7 11.b4 O-O 12.Be3 f6 13.exf6 Bxf6 14.Qd2 Re8 15.Rae1 
Nf8 16.g4 Bg6 17.g5 Be7 18.Nh4 c6 19.f4 a5 20.b5 b6 21.f5 exf5 22.Nxf5 
bxc5 23.dxc5 Ne6 24.Nxe7+ Qxe7 25.Bg4 Bf7 26.Qf2 Qd7 27.Bf4 cxb5 28.Bxb8 
Raxb8 29.c6 Qe7 30.Nxd5 Qf8 31.Bxe6 Rxe6 32.Rxe6 h6 33.g6 {[Fuente: Boletn
del III Torneo Internacional Arrecife de Lanzarote. (Mayo 1975, Ronda 3, 
Partida 14). Editado por la Federacin Provincial de Ajedrez de Gran 
Canaria. Espaa. ]} 1-0

[Event "3rd Lanzarote it"]
[Site "Lanzarote ESP"]
[Date "1975.04.??"]
[Round "3"]
[White "Bellon Lopez, Juan Manuel"]
[Black "Visier Segovia, Fernando"]
[Result "1/2-1/2"]
[WhiteElo "2415"]
[BlackElo "2375"]
[EventDate "1975.04.27"]
[PlyCount "36"]

1.e4 c5 2.Nf3 Nc6 3.d4 cxd4 4.Nxd4 g6 5.Nc3 Bg7 6.Be3 Nf6 7.Bc4 O-O 8.Bb3 
d6 9.f3 Nd7 10.Qd2 Nb6 11.Nd5 Nxd5 12.Bxd5 Bd7 13.O-O Nxd4 14.Bxd4 Bxd4+ 
15.Qxd4 Bc6 16.f4 Qb6 17.Rad1 Bxd5 18.exd5 Rfc8 {[Fuente: Visier, 
Fernando. Artculo "Normas Internacionales para Belln y Fraguela". Resea y 
seleccin de partidas del Tercer Torneo Internacional Ciudad de Arrecife de
Lanzarote 1975. Revista AJEDREZ CANARIO. (01-08-1975, ao V, nmero 49, 
pginas 305-315). Editada por la Caja de Ahorros de Gran Canaria. Las 
Palmas de Gran Canaria, Espaa. ]} 1/2-1/2

[Event "3rd Lanzarote it"]
[Site "Lanzarote ESP"]
[Date "1975.04.??"]
[Round "3"]
[White "Cardoso, Rodolfo Tan"]
[Black "Rodriguez Vargas, Orestes"]
[Result "0-1"]
[WhiteElo "2410"]
[BlackElo "2435"]
[EventDate "1975.04.27"]
[PlyCount "88"]

1.e4 c5 2.Nf3 Nc6 3.d4 cxd4 4.Nxd4 Nf6 5.Nc3 d6 6.Be2 g6 7.O-O Bg7 8.Be3 
O-O 9.Nb3 a5 10.a3 a4 11.Nc1 Be6 12.Bg5 Qa5 13.Qd2 Rfd8 14.b4 axb3 {(ap)} 
15.Nxb3 Qc7 16.Rad1 Qc8 17.Qc1 Na5 18.Nd5 Bxd5 19.exd5 Nc4 20.Bxc4 Qxc4 
21.Rd4 Qb5 22.Rfd1 Rdc8 23.Rb4 Qa6 24.a4 Rc4 25.Rxc4 Qxc4 26.Rd4 Qc7 27.
Qd1 h5 28.h3 Nh7 29.Be3 Bxd4 30.Qxd4 Qxc2 31.Qb4 Qd1+ 32.Kh2 Qxd5 33.Nd2 
Nf6 34.Nc4 Rxa4 35.Qxa4 b5 36.Qa5 bxc4 37.Qd8+ Kg7 38.Qxe7 Qe5+ 39.Qxe5 
dxe5 40.Kg1 Nd5 41.Bc1 c3 42.Kf1 Nf4 43.Bxf4 exf4 44.Ke2 f3+ {[Fuente: 
Boletn del III Torneo Internacional Arrecife de Lanzarote. (Mayo 1975, 
Ronda 3, Partida 18). Editado por la Federacin Provincial de Ajedrez de 
Gran Canaria. Espaa. ]} 0-1

[Event "3rd Lanzarote it"]
[Site "Lanzarote ESP"]
[Date "1975.04.??"]
[Round "3"]
[White "Debarnot, Roberto"]
[Black "Pfleger, Helmut"]
[Result "0-1"]
[WhiteElo "2380"]
[BlackElo "2540"]
[EventDate "1975.04.27"]
[PlyCount "82"]

1.Nf3 Nf6 2.c4 e6 3.e3 c5 4.Nc3 d5 5.d4 Nc6 6.a3 cxd4 7.exd4 Be7 8.Bd3 
dxc4 9.Bxc4 O-O 10.O-O a6 11.Re1 b5 12.Ba2 Bb7 13.d5 exd5 14.Nxd5 Nxd5 15.
Qxd5 Bf6 16.Qh5 g6 17.Qh6 Bg7 18.Qh3 Nd4 19.Nxd4 Qxd4 20.Bg5 Qxb2 21.Qd7 
Be4 22.Qe7 Bd3 23.Bd5 Rac8 24.Rad1 Bc4 25.Bb7 Rb8 26.Bxa6 Bc3 27.Rb1 Qa2 
28.Bh6 Rfd8 29.Rbd1 Rxd1 30.Rxd1 Bd4 31.Qh4 Bc5 32.Qf6 Bf8 33.Bxf8 Rxf8 
34.Ra1 Re8 35.h4 Qd2 36.a4 Re6 37.Qf3 Qb2 38.Qa8+ Kg7 39.Rd1 Qe2 40.Rc1 
Qd2 41.Ra1 Qd4 {[Fuente: Boletn del III Torneo Internacional Arrecife de 
Lanzarote. (Mayo 1975, Ronda 3, Partida 16). Editado por la Federacin 
Provincial de Ajedrez de Gran Canaria. Espaa. ]} 0-1

[Event "3rd Lanzarote it"]
[Site "Lanzarote ESP"]
[Date "1975.04.??"]
[Round "3"]
[White "Diez del Corral, Jesus Maria"]
[Black "Garcia Padron, Jose"]
[Result "1-0"]
[WhiteElo "2515"]
[BlackElo "2200"]
[EventDate "1975.04.27"]
[PlyCount "100"]

1.d4 Nf6 2.c4 c5 3.d5 g6 4.Nc3 Bg7 5.g3 O-O 6.Bg2 d6 7.Nf3 Na6 8.O-O Nc7 
9.Nd2 Rb8 10.a4 b6 11.Nb5 Rb7 12.Nb3 a6 13.Nc3 Bd7 14.h3 b5 15.Na5 Rb6 16.
Qc2 bxc4 17.Nxc4 Rb4 18.Qd3 Qe8 19.e4 Bxa4 20.Nxa4 Rxa4 21.Be3 Rxa1 22.
Rxa1 Qb5 23.Ra5 Qb4 24.Bd2 Qb7 25.e5 Nfxd5 26.exd6 exd6 27.Ne3 Bd4 28.Nxd5
Nxd5 29.Ra4 Re8 30.Rxd4 cxd4 31.Qxd4 Qb6 32.Qxd5 Qxb2 33.Qxd6 Re6 34.Qd3 
Qb5 35.Qd4 Qe5 36.Qa7 h5 37.h4 Rd6 38.Be3 a5 39.Kh2 Rd1 40.Bg5 Qb5 41.Qa8+
Kg7 42.Bh6+ Kh7 43.Qf3 Kxh6 44.Qxd1 Qe5 45.Bd5 Kg7 46.Qf3 f6 47.Bb3 Qe8 
48.Qb7+ Kh6 49.Qa7 Qb5 {[Fuente: Boletn del III Torneo Internacional 
Arrecife de Lanzarote. (Mayo 1975, Ronda 3, Partida 17). Editado por la 
Federacin Provincial de Ajedrez de Gran Canaria. Espaa. ]} ( 49...Qb5 $4 
50.Bg8 Qb7 ( 50...Qd7 51.Qxd7 f5 52.Qh7# ) 51.Qxb7 {, seguido de 22.Dh7# 
mate.} ) 1-0

[Event "3rd Lanzarote it"]
[Site "Lanzarote ESP"]
[Date "1975.04.??"]
[Round "3"]
[White "Tatai, Stefano"]
[Black "Fraguela Gil, Jose Miguel"]
[Result "1-0"]
[WhiteElo "2455"]
[BlackElo "2390"]
[EventDate "1975.04.27"]
[PlyCount "79"]

1.Nf3 g6 2.e4 Nf6 $6 3.e5 Nd5 4.Nc3 ( 4.c4 $1 Nb6 5.c5 $1 ) 4...Nxc3 5.
dxc3 Bg7 6.Bf4 d6 7.Bc4 O-O 8.h3 Nc6 9.Qe2 Bf5 10.O-O-O Qd7 11.Rhe1 Rad8 
12.Kb1 Qc8 13.g4 Be6 14.Bxe6 fxe6 15.Bg3 dxe5 16.Qe4 Rd6 17.Rd3 Rfd8 18.
Red1 Rxd3 19.Rxd3 Rd6 20.h4 Qd7 21.Nd2 Rxd3 22.cxd3 Qd5 23.Nc4 Qxe4 24.
dxe4 Kf7 25.f3 Ke8 26.Bf2 Bh6 27.g5 Bg7 28.b4 b5 29.Nb2 a5 30.Bc5 axb4 31.
Bxb4 Nd8 32.Nd3 h6 33.Ba3 hxg5 34.hxg5 Nb7 35.Nc5 Nxc5 36.Bxc5 Kd7 37.Kc2 
Bf8 38.Kb3 c6 39.Kb4 Kc7 40.c4 {[Fuente: Visier, Fernando. Artculo "Normas
Internacionales para Belln y Fraguela". Resea y seleccin de partidas del 
Tercer Torneo Internacional Ciudad de Arrecife de Lanzarote 1975. Revista 
AJEDREZ CANARIO. (01-08-1975, ao V, nmero 49, pginas 305-315). Editada por
la Caja de Ahorros de Gran Canaria. Las Palmas de Gran Canaria, Espaa. ]} 
1-0

[Event "3rd Lanzarote it"]
[Site "Lanzarote ESP"]
[Date "1975.04.??"]
[Round "4"]
[White "Bellon Lopez, Juan Manuel"]
[Black "Adorjan, Andras"]
[Result "1-0"]
[WhiteElo "2415"]
[BlackElo "2515"]
[EventDate "1975.04.27"]
[PlyCount "74"]

{Inf 20/86} 
1.Nf3 g6 2.c4 Bg7 3.g3 c5 4.Bg2 Nc6 5.Nc3 e6 6.O-O Nge7 7.e4 O-O 8.d3 d5 
9.cxd5 $2 exd5 10.exd5 Nxd5 11.Nxd5 Qxd5 12.Be3 Bxb2 $1 13.Nd4 ( 13.Rb1 
Bg7 14.Nd4 Qxg2+ $5 $17 ( 14...Qd6 15.Nxc6 bxc6 16.Qc2 Bd4 $11 ) ) 13...
Qxg2+ $5 14.Kxg2 Bxd4 15.Qf3 Rd8 16.Rfe1 Be6 ( 16...Bxa1 $5 17.Rxa1 Be6 
$17 ) 17.Bxd4 Nxd4 ( 17...Bd5 $2 18.Re8+ $1 ) 18.Qf6 Bd5+ $6 ( 18...Rd6 $1
19.Qe7 Bd5+ 20.Kf1 Rad8 $17 ) 19.Kf1 Nf3 $1 20.Re7 Nxh2+ 21.Ke2 Nf3 $6 ( 
21...Re8 $1 22.Rc1 Ng4 $1 ( 22...b6 $2 23.Rc4 $1 $16 ) 23.Qh4 b6 $17 ) 22.
Rc1 Rac8 $6 ( 22...b6 $1 ) 23.Re3 $1 Nd4+ 24.Kf1 b6 25.a4 Nf5 $2 26.Re5 
Nd4 ( 26...Rd6 27.Qxd6 $1 Nxd6 28.Rxd5 $14 ) 27.g4 Be6 $1 28.Re4 Rd5 29.
Rce1 Rf8 30.R1e3 Rd6 31.f4 $1 Nc2 32.Re2 Nd4 33.f5 Rd5 $4 ( 33...Nxe2 34.
Kxe2 Bxf5 $3 35.Qxd6 Bxe4 36.dxe4 Re8 37.Kf3 h6 $1 {/\ Re6=} ) 34.Rf2 $1 
Bd7 35.fxg6 hxg6 36.Rh2 {[Comentarios: GM Andras Adorjan. (1975, 
Inf20/86). || Fuente: CHESS INFORMANT. (1975, nmero 20, item 86). Partida 
Belln vs. Adorjan del "Lanzarote" 1975. Editorial Sahovski Informator. 
Belgrado, Yugoslavia. ]} 1-0

[Event "3rd Lanzarote it"]
[Site "Lanzarote ESP"]
[Date "1975.04.??"]
[Round "4"]
[White "Betancort Curbelo, Juan Rafael"]
[Black "Tatai, Stefano"]
[Result "1/2-1/2"]
[WhiteElo "2360"]
[BlackElo "2455"]
[EventDate "1975.04.27"]
[PlyCount "83"]

1.d4 Nf6 2.c4 c5 3.e3 g6 4.Nf3 Bg7 5.Nc3 O-O 6.Bd3 d5 7.O-O Nc6 8.dxc5 
dxc4 9.Bxc4 Qa5 10.Qe2 Qxc5 11.h3 a6 12.a4 Na5 13.Ba2 b5 14.e4 b4 15.Be3 
Qc7 16.Nd5 Nxd5 17.Bxd5 Bb7 18.Rac1 Qb8 19.Rc5 Bxd5 20.exd5 Nb7 21.Rc6 Qd8
22.Rfc1 Qd7 23.Rb6 Rfc8 24.Rbc6 Nd6 25.Bd4 Bf8 26.g4 Ne8 27.Qc4 Rd8 28.Bb6
Qxd5 29.Bxd8 Qxf3 30.Bc7 Qxh3 31.Be5 Nf6 32.Bxf6 exf6 33.Rc7 Kh8 34.Rxf7 
Rd8 35.Qe6 Qh4 36.Rc8 $2 Rd1+ 37.Kg2 Qh1+ 38.Kg3 Rd3+ 39.Qe3 Rxe3+ 40.fxe3
Qg1+ 41.Kf3 Qf1+ 42.Kg3 {[Fuente: Visier, Fernando. Artculo "Normas 
Internacionales para Belln y Fraguela". Resea y seleccin de partidas del 
Tercer Torneo Internacional Ciudad de Arrecife de Lanzarote 1975. Revista 
AJEDREZ CANARIO. (01-08-1975, ao V, nmero 49, pginas 305-315). Editada por
la Caja de Ahorros de Gran Canaria. Las Palmas de Gran Canaria, Espaa. ]} 
1/2-1/2

[Event "3rd Lanzarote it"]
[Site "Lanzarote ESP"]
[Date "1975.04.??"]
[Round "4"]
[White "Fraguela Gil, Jose Miguel"]
[Black "Debarnot, Roberto"]
[Result "1/2-1/2"]
[WhiteElo "2390"]
[BlackElo "2380"]
[EventDate "1975.04.27"]
[PlyCount "69"]

1.Nf3 g6 2.g3 Bg7 3.Bg2 e5 4.d3 d6 5.O-O Nc6 6.c4 Nge7 7.Nc3 O-O 8.Bd2 h6 
9.Rb1 a5 10.a3 Be6 11.b4 axb4 12.axb4 Qd7 13.b5 Nd8 14.Ne1 f5 15.Nc2 f4 
16.Ne4 Bh3 17.Bb4 Nf7 18.Ra1 Qf5 19.Rxa8 Rxa8 20.Qd2 h5 21.Ra1 Rf8 22.Bxh3
Qxh3 23.Qe1 Qf5 24.Ra7 Rb8 25.Ba5 Qd7 26.Bd2 g5 27.Qa1 Kh7 28.Ra8 Rxa8 29.
Qxa8 Qc8 30.Qxc8 Nxc8 31.Ba5 c6 32.bxc6 bxc6 33.Nb4 Ne7 34.Bc7 c5 35.Nc2 {
[Fuente: Boletn del III Torneo Internacional Arrecife de Lanzarote. (Mayo 
1975, Ronda 4, Partida 22). Editado por la Federacin Provincial de Ajedrez
de Gran Canaria. Espaa. ]} 1/2-1/2

[Event "3rd Lanzarote it"]
[Site "Lanzarote ESP"]
[Date "1975.04.??"]
[Round "4"]
[White "Garcia Padron, Jose"]
[Black "Cardoso, Rodolfo Tan"]
[Result "1/2-1/2"]
[WhiteElo "2200"]
[BlackElo "2410"]
[EventDate "1975.04.27"]
[PlyCount "77"]

1.Nf3 g6 2.d4 d5 3.g3 Bg7 4.Bg2 c5 5.c3 Nc6 6.O-O cxd4 7.cxd4 Bg4 8.Nc3 
Qd7 9.Bf4 h5 10.Ne5 Nxe5 11.dxe5 g5 12.Bxg5 d4 13.Ne4 Bxe5 14.Qd3 Rc8 15.
Rac1 f6 16.Bd2 b6 17.Rxc8+ Qxc8 18.f4 Bb8 19.Qxd4 Bxe2 20.Re1 Bb5 21.Nxf6+
Nxf6 22.Qxf6 Qc5+ 23.Kh1 Rf8 24.Qg6+ Kd8 25.Bc3 Bd6 26.Qe4 h4 27.Qa8+ Qc8 
28.Qxa7 Bc5 29.Ba5 Rf6 30.b4 h3 31.Bf3 Be3 32.a4 Bc6 33.Bxb6+ Ke8 34.Rxe3 
Bxf3+ 35.Kg1 Re6 36.Kf2 Qc2+ 37.Kxf3 Qd1+ 38.Kf2 Qd2+ 39.Kf3 {[Fuente: 
Boletn del III Torneo Internacional Arrecife de Lanzarote. (Mayo 1975, 
Ronda 4, Partida 20). Editado por la Federacin Provincial de Ajedrez de 
Gran Canaria. Espaa. ]} 1/2-1/2